00686nam a2200193 a 450000100100000000500170001000800410002704000250006808200110009310000350010424500960013925000110023526000330024630000210027949000270030083000330032795201150036099900170047500002338120200930022158.0101206s1973 ck 000 0 spa d aDO-SdBNPbspacBNPHU axxbxx1 aZalamea Borda, Eduardo.94816110aCuatro años a bordo de mi mismo :bdiario de los cinco sentidos /cEduardo Zalamea Borda. a6a ed. aMedellín :bBedout,c1973. a303 p. ;c18 cm.1 aBolsilibros Bedoutv76 0aBolsilibros Bedoutv7693750 001054708MOaGRbGRcCTd2010-12-06iLF1l0oxx xxp23381-10r2020-06-25w2020-06-25y4ZPréstamo en sala c22878d22878